000 00598nam a22001577a 4500
999 _c60749
_d60749
005 20231018171255.0
008 231018s1977 ru ||||| |||| 00| 0 rus d
041 _arus
080 _a636.1(479)(09) K-56
100 _aКОВАЛЕВСКАЯ В. Б.
_920114
245 _aКонь и всадник :
_bПути и судьбы /
_cВ. Б. Ковалевская.
264 _a Москва :
_bНаука,
_c1977.
300 _a150 стр.;
_b20 см.
653 _aცხენების მოშენების ისტორია აღმოსავლეთში
942 _2udc
_cBK